Catálogo público

Exploring opportunities for on-farm innovations in smallholders dairy systems of Michoacán, México / (Record no. 170143)

MARC details
000 -CABECERA
campo de control de longitud fija 01036nam a2200313Ia 4500
001 - NÚMERO DE CONTROL
campo de control Z_6869
003 - IDENTIFICADOR DEL NÚMERO DE CONTROL
campo de control CHAP
008 - DATOS DE LONGITUD FIJA--INFORMACIÓN GENERAL
campo de control de longitud fija 220113s2016 xx 000 0 und d
010 ## - NÚMERO DE CONTROL DE LA BIBLIOTECA DEL CONGRESO
Número de control de LC 170143
040 ## - FUENTE DE LA CATALOGACIÓN
Centro/agencia transcriptor CHAP
090 ## - LOCALMENTE ASIGNADO TIPO-LC NÚMERO DE CLASIFICACIÓN (OCLC); NÚMERO DE CLASIFICACIÓN LOCAL (RLIN)
Número de clasificación (OCLC) (R) ; Numero de clasificación, CALL (RLIN) (NR) Tesis C67 2505
100 ## - ENTRADA PRINCIPAL--NOMBRE DE PERSONA
Nombre de persona Cortez Arriola, José
9 (RLIN) 28294
245 ## - MENCIÓN DE TÍTULO
Título Exploring opportunities for on-farm innovations in smallholders dairy systems of Michoacán, México /
Mención de responsabilidad, etc. José Cortez Arriola
260 ## - PUBLICACIÓN, DISTRIBUCIÓN, ETC.
Lugar de publicación, distribución, etc. Wageningen, NL
Fecha de publicación, distribución, etc. 2016
300 ## - DESCRIPCIÓN FÍSICA
Extensión 162 p.
502 ## - NOTA DE TESIS
Nota de tesis Tesis ( Doctorado) -- Wageningen University, 2016 \ Director: P. A. Tittonell; asesoría: W. A. H. Rossing y R. D. Améndola Massiotti
650 ## - PUNTO DE ACCESO ADICIONAL DE MATERIA--TÉRMINO DE MATERIA
Término de materia o nombre geográfico como elemento de entrada Ganado lechero
9 (RLIN) 45237
650 ## - PUNTO DE ACCESO ADICIONAL DE MATERIA--TÉRMINO DE MATERIA
Término de materia o nombre geográfico como elemento de entrada Innovación de granja
9 (RLIN) 146202
650 ## - PUNTO DE ACCESO ADICIONAL DE MATERIA--TÉRMINO DE MATERIA
Término de materia o nombre geográfico como elemento de entrada Pequeños productores
9 (RLIN) 146203
700 ## - PUNTO DE ACCESO ADICIONAL--NOMBRE DE PERSONA
Nombre de persona Améndola Massiotti, R. D., asesor
9 (RLIN) 146204
700 ## - PUNTO DE ACCESO ADICIONAL--NOMBRE DE PERSONA
Nombre de persona Rossing, W. A. H., asesor
9 (RLIN) 146205
700 ## - PUNTO DE ACCESO ADICIONAL--NOMBRE DE PERSONA
Nombre de persona Tittonell, P. A., director
9 (RLIN) 146206
901 ## - ELEMENTOS DE DATOS A LOCAL LDA (RLIN)
a TESIS C67 2505
902 ## - ELEMENTOS DE DATOS B LOCAL, LDB (RLIN)
a A
910 ## - DATOS DE OPCIÓN DEL USUARIO (OCLC)
Datos de opción del usuario 2016
942 ## - ELEMENTOS DE PUNTO DE ACCESO ADICIONAL (KOHA)
Tipo de ítem Koha Tesis_
942 ## - ELEMENTOS DE PUNTO DE ACCESO ADICIONAL (KOHA)
Tipo de ítem Koha Tesis_
Holdings
Estado de retiro Estado de pérdida Estado dañado No para préstamo Localización permanente Ubicación/localización actual Ubicación en estantería Fecha de adquisición Información codificada de la localización en otra ubicación Total de préstamos Código de barras Fecha visto por última vez Número de copia Precio válido a partir de Tipo de ítem Koha Nota pública
        Zootecnia Zootecnia   03/04/2017 2   z_T 4652 18/01/2022 1 18/01/2022 Tesis_ 2